00373nam a22001337a 4500008004100000040005500041080001500096100002800111245002100139260004500160300001100205650001100216653001200227230620b |||||||| |||| 00| 0 eng d aNational Science LibrarycNational Science Library a620.91bQ0 aChaturvedi, Pankaj Som  aI know solar now aNew Delhi: bSolar Energy Review, c2010 a227p.  aSolar  aPlants